| 000 | 00436nam a22001817a 4500 | ||
|---|---|---|---|
| 003 | MPLRDC | ||
| 005 | 20220104124526.0 | ||
| 008 | 210129b ||||| |||| 00| 0 eng d | ||
| 020 | _a7-80030-086-2 | ||
| 082 | _a857.621 CJ | ||
| 100 | _a陈珏译 | ||
| 245 |
_a当代美国科幻小说选 _c |
||
| 250 | _a一版一刷 | ||
| 260 |
_a _b宝文堂书店 _c1988 |
||
| 300 | _b平 | ||
| 650 | _a科幻小说 | ||
| 942 |
_cBK _o857.621 CJ |
||
| 999 |
_c20032 _d20022 |
||